[Event "Titled Tuesday intern op 27th Feb Late"]
[Site "Chess.com INT"]
[Date "2024.02.27"]
[Round "9"]
[White "Fishbein, Alexander"]
[Black "Nilsen, Tobias Lang"]
[Result "0-1"]
[WhiteElo "2387"]
[BlackElo "2207"]
[PlyCount "118"]
[EventDate "2024.02.27"]
[EventType "swiss (blitz)"]
[EventRounds "11"]
[EventCountry "USA"]
[SourceTitle "CB10_2024"]
[SourceDate "2024.03.06"]
[SourceVersion "1"]
[SourceVersionDate "2024.03.06"]
[SourceQuality "1"]

1. e4 e6 2. d4 d5 3. exd5 exd5 4. Nf3 Nf6 5. Bd3 c5 6. dxc5 Bxc5 7. 0-0 0-0 8. Nc3 Nc6 9. h3 h6 10. Bf4 a6 11. a3 Re8 12. Qd2 Be6 13. Rfe1 Rc8 14. Rad1 Bf8 15. Ne5 Nxe5 16. Bxe5 Nd7 17. Bd4 Nc5 18. Be2 Ne4 19. Nxe4 dxe4 20. c3 Qh4 21. Qe3 Be7 22. Bf1 f5 23. Qg3 Qxg3 24. fxg3 Bb3 25. Rd2 Bg5 26. Rf2 g6 27. Kh2 e3 28. Rf3 Bd5 29. h4 Bxf3 30. gxf3 e2 31. Rxe2 Rxe2+ 32. Bxe2 Bc1 33. c4 Rd8 34. Bc3 Bd2 35. Be5 Be3 36. Kh3 Bd4 37. Bc7 Rd7 38. Bf4 Bxb2 39. a4 Kg7 40. g4 fxg4+ 41. fxg4 Re7 42. Bf3 b6 43. Bd6 Re3 44. Kg2 Bd4 45. Bd5 a5 46. Bc7 Bc5 47. Bd8 Ra3 48. g5 hxg5 49. hxg5 Rxa4 50. Bf6+ Kh7 51. Kf3 Ra3+ 52. Ke4 Bf8 53. Bc6 Bg7 54. Be7 Ra1 55. Kd5 Rd1+ 56. Ke6 Kg8 57. Bd5 Kh7 58. Kd7 a4 59. Ke8 a3 0-1

[Event "Titled Tuesday intern op 27th Feb Late"]
[Site "Chess.com INT"]
[Date "2024.02.27"]
[Round "3"]
[White "Nilsen, Tobias Lang"]
[Black "De Souza, Arthur Olintho"]
[Result "1-0"]
[WhiteElo "2207"]
[BlackElo "2113"]
[PlyCount "45"]
[EventDate "2024.02.27"]
[EventType "swiss (blitz)"]
[EventRounds "11"]
[EventCountry "USA"]
[SourceTitle "CB10_2024"]
[SourceDate "2024.03.06"]
[SourceVersion "1"]
[SourceVersionDate "2024.03.06"]
[SourceQuality "1"]

1. e4 c5 2. Nf3 d6 3. b4 Nf6 4. e5 Nd5 5. bxc5 dxc5 6. Bc4 Nc6 7. 0-0 Bg4 8. Re1 e6 9. h3 Bh5 10. Bb2 Be7 11. d3 0-0 12. Nbd2 a6 13. a4 Rb8 14. Ne4 b5 15. axb5 axb5 16. Bb3 Nd4 17. Bxd4 cxd4 18. g4 Bg6 19. Nxd4 Nf4 20. Nc6 Qb6 21. Nxe7+ Kh8 22. Nxg6+ fxg6 23. Re3 1-0

[Event "Titled Tuesday intern op 23rd Jan Late"]
[Site "Chess.com INT"]
[Date "2024.01.23"]
[Round "6"]
[White "Liu, Kelsey"]
[Black "Nilsen, Tobias Lang"]
[Result "0-1"]
[WhiteElo "2004"]
[BlackElo "2207"]
[PlyCount "74"]
[EventDate "2024.01.23"]
[EventType "swiss (blitz)"]
[EventRounds "11"]
[EventCountry "USA"]
[SourceTitle "CB05_2024"]
[SourceDate "2024.01.31"]
[SourceVersion "1"]
[SourceVersionDate "2024.01.31"]
[SourceQuality "1"]

1. d4 Nf6 2. c4 e6 3. Nf3 c5 4. g3 d5 5. Bg2 Nc6 6. 0-0 Be7 7. cxd5 exd5 8. dxc5 Bxc5 9. e3 0-0 10. Nbd2 Bb6 11. Nb3 Bg4 12. h3 Bh5 13. Bd2 Ne4 14. Bc3 Nxc3 15. bxc3 Rc8 16. Qd2 Qf6 17. Nfd4 Rfd8 18. a4 Ne5 19. a5 Bc7 20. Nc5 b6 21. Na6 Bd6 22. axb6 axb6 23. Bxd5 Bc5 24. Bg2 Nf3+ 25. Bxf3 Bxf3 26. Qa2 Bd5 27. Qe2 Bxd4 28. cxd4 Bc4 29. Qg4 Bxf1 30. Rxf1 Qd6 31. Rb1 Ra8 32. Nb4 Ra4 33. Nd3 Ra2 34. Kh2 Rd2 35. Rb3 Qd5 36. Ra3 Qb5 37. Qf5 Qxf5 0-1

[Event "Titled Tuesday intern op 16th Jan Late"]
[Site "Chess.com INT"]
[Date "2024.01.16"]
[Round "2"]
[White "Nilsen, Tobias Lang"]
[Black "Deveci, Huseyin Said"]
[Result "1-0"]
[WhiteElo "2207"]
[BlackElo "2250"]
[PlyCount "127"]
[EventDate "2024.01.16"]
[EventType "swiss (blitz)"]
[EventRounds "11"]
[EventCountry "USA"]
[SourceTitle "CB04_2024"]
[SourceDate "2023.10.16"]
[SourceVersion "1"]
[SourceVersionDate "2023.10.16"]
[SourceQuality "1"]

1. e4 e5 2. Nf3 Nc6 3. Bc4 Nf6 4. d3 Bc5 5. c3 0-0 6. 0-0 h6 7. h3 d6 8. a4 a6 9. Re1 Re8 10. Nbd2 Bd7 11. Nf1 Qc8 12. Be3 Be6 13. Bxe6 Qxe6 14. b4 Bxe3 15. Nxe3 d5 16. Qc2 d4 17. Nc4 dxc3 18. Qxc3 Rad8 19. b5 Nd4 20. Nfxe5 axb5 21. axb5 Nxb5 22. Qb3 c6 23. Nf3 Nh5 24. Ncd2 Qg6 25. Nh4 Qf6 26. Nf5 Nf4 27. Re3 Qg5 28. Ng3 Qf6 29. Rd1 Nd4 30. Qxb7 Rb8 31. Qa7 Rb2 32. e5 Qd8 33. Nc4 Rb4 34. Re4 Nfe6 35. Qa1 Re7 36. Ne3 Qb8 37. Nef5 Ra7 38. Qc1 Nb3 39. Qc3 Rxe4 40. Nxe4 Rd7 41. Rb1 Rb7 42. Nfd6 Rb6 43. Nc4 Rb5 44. Ned6 Rb4 45. Nf5 g6 46. Nfe3 Ned4 47. Re1 Nc5 48. Qxd4 Ne6 49. Qh4 Kh7 50. Ng4 Qf8 51. Nf6+ Kg7 52. Re4 Rb1+ 53. Kh2 Ng5 54. Ng4 Qh8 55. Rf4 Rb7 56. Qg3 Ne6 57. Rf3 h5 58. Nf6 h4 59. Qg4 Rb4 60. Ne4 Qb8 61. Ncd6 Nd8 62. Qg5 Rxe4 63. Nxe4 Ne6 64. Qf6+ 1-0

[Event "Titled Tuesday intern op 19th Dec Early"]
[Site "Chess.com INT"]
[Date "2023.12.19"]
[Round "6"]
[White "Nilsen, Tobias Lang"]
[Black "Blokhin, Sofia"]
[Result "0-1"]
[WhiteElo "2207"]
[BlackElo "2001"]
[PlyCount "238"]
[EventDate "2023.12.19"]
[EventType "swiss (blitz)"]
[EventRounds "11"]
[EventCountry "USA"]
[SourceTitle "CB52_2023"]
[SourceDate "2023.12.27"]
[SourceVersion "1"]
[SourceVersionDate "2023.12.27"]
[SourceQuality "1"]

1. f4 d5 2. Nf3 e6 3. g3 Nf6 4. Bg2 Be7 5. 0-0 0-0 6. d3 c5 7. Nc3 Nc6 8. e4 d4 9. Ne2 e5 10. f5 h6 11. h3 b5 12. g4 Nh7 13. Qe1 c4 14. Qg3 cxd3 15. cxd3 f6 16. h4 Nb4 17. Ne1 Bb7 18. Rf2 Rc8 19. Bf1 Nc2 20. Nxc2 Rxc2 21. Rg2 Qb6 22. Kh2 Rfc8 23. Qf3 R8c6 24. Qf2 b4 25. Qe1 Ba6 26. Ng3 Rxg2+ 27. Kxg2 Rc2+ 28. Kh1 Qc7 29. Qd1 Nf8 30. Bd2 Nd7 31. Rc1 Rxc1 32. Bxc1 Nc5 33. Qc2 Qa5 34. b3 Bb5 35. Be2 Qa6 36. Bd2 Bxd3 37. Bxd3 Qxd3 38. Qxd3 Nxd3 39. Kg2 a5 40. Kf3 Kf7 41. Ne2 Nc5 42. Nc1 Ke8 43. Be1 Kd7 44. Bd2 Kc6 45. Be1 Kb5 46. Bd2 a4 47. Be1 axb3 48. axb3 Nd7 49. Bd2 Nb6 50. Nd3 Nc8 51. g5 hxg5 52. hxg5 Nb6 53. g6 Nc8 54. Bh6 Bf8 55. Bd2 Nb6 56. Kf2 Nc8 57. Kf3 Nb6 58. Be1 Nc8 59. Bg3 Nb6 60. Ke2 Nc8 61. Kd2 Nb6 62. Kc2 Nc8 63. Bf2 Nb6 64. Be1 Nc8 65. Nb2 Nb6 66. Kd3 Be7 67. Bd2 Bf8 68. Bc1 Be7 69. Bh6 Bf8 70. Bd2 Be7 71. Be1 Bf8 72. Nd1 Be7 73. Ke2 Bf8 74. Kf3 Be7 75. Nb2 Bf8 76. Nd3 Nc8 77. Nf2 Nb6 78. Ng4 Nc8 79. Bd2 Nb6 80. Nf2 Nc8 81. Bc1 Nb6 82. Ng4 Nc8 83. Bd2 Nb6 84. Be1 Nc8 85. Bg3 Nb6 86. Nf2 Nd7 87. Nd3 Nb6 88. Nb2 Be7 89. Be1 Bf8 90. Bf2 Be7 91. Bh4 Bf8 92. Be1 Be7 93. Bd2 Bf8 94. Nd3 Be7 95. Nf2 Bf8 96. Ng4 Nd7 97. Nf2 Nc5 98. Be1 Nxb3 99. Nd1 Nc5 100. Nb2 b3 101. Bd2 Na4 102. Nd3 Nc3 103. Bc1 Kc4 104. Nb2+ Kb4 105. Nd3+ Ka4 106. Nb2+ Kb5 107. Nd3 Na4 108. Ke2 Kc4 109. Kd2 Bb4+ 110. Ke2 Bc3 111. Bh6 b2 112. Nxb2+ Nxb2 113. Bxg7 d3+ 114. Kf2 d2 115. Bxf6 d1Q 116. g7 Qd2+ 117. Kf3 Qf4+ 118. Kg2 Qg4+ 119. Kf2 Bd4+ 0-1

[Event "Titled Tuesday intern op 19th Dec Early"]
[Site "Chess.com INT"]
[Date "2023.12.19"]
[Round "1"]
[White "Szpar, Milosz"]
[Black "Nilsen, Tobias Lang"]
[Result "1-0"]
[WhiteElo "2485"]
[BlackElo "2207"]
[PlyCount "89"]
[EventDate "2023.12.19"]
[EventType "swiss (blitz)"]
[EventRounds "11"]
[EventCountry "USA"]
[SourceTitle "CB52_2023"]
[SourceDate "2023.12.27"]
[SourceVersion "1"]
[SourceVersionDate "2023.12.27"]
[SourceQuality "1"]

1. e4 e6 2. d4 d5 3. Nc3 Bb4 4. Nge2 Nc6 5. a3 Ba5 6. b4 Bb6 7. Bb2 Nge7 8. Na4 0-0 9. Qd3 Bd7 10. Nxb6 axb6 11. c4 dxe4 12. Qxe4 Ng6 13. Ng3 Qg5 14. Be2 Qf4 15. Qe3 e5 16. d5 Nd4 17. Rc1 Rfe8 18. 0-0 Nxe2+ 19. Nxe2 Qxe3 20. fxe3 f6 21. Ng3 Rad8 22. Rc3 Ne7 23. e4 Nc8 24. Rc2 Ne7 25. Bc1 Ng6 26. Be3 Ba4 27. Rc3 Rd7 28. h3 Rde7 29. Nf5 Rf7 30. c5 bxc5 31. bxc5 Bb5 32. Rb1 Bd7 33. Ng3 Rb8 34. c6 Bc8 35. Ba7 Ra8 36. cxb7 Bxb7 37. Rxb7 c5 38. dxc6 Rxa7 39. Rxa7 Rxa7 40. c7 Ra8 41. c8Q+ Rxc8 42. Rxc8+ Kf7 43. Rc7+ Ke6 44. Nf5 Nf4 45. Re7# 1-0

[Event "Titled Tuesday intern op 14th Nov Early"]
[Site "Chess.com INT"]
[Date "2023.11.14"]
[Round "7"]
[White "Azali, Tannaz"]
[Black "Nilsen, Tobias Lang"]
[Result "1-0"]
[WhiteElo "2099"]
[BlackElo "2207"]
[PlyCount "139"]
[EventDate "2023.11.14"]
[EventType "swiss (blitz)"]
[EventRounds "11"]
[EventCountry "USA"]
[SourceTitle "CB47_2023"]
[SourceDate "2023.11.22"]
[SourceVersion "1"]
[SourceVersionDate "2023.11.22"]
[SourceQuality "1"]

1. d4 d5 2. c4 c6 3. Nc3 Nf6 4. e3 Bf5 5. cxd5 cxd5 6. Qb3 e6 7. Qxb7 Nbd7 8. Qb3 Rb8 9. Qd1 Bd6 10. Bd3 Ne4 11. Nf3 g5 12. h3 h5 13. Bxe4 dxe4 14. Nd2 Bb4 15. Qa4 Bxc3 16. bxc3 0-0 17. Ba3 Re8 18. Nc4 Nb6 19. Nxb6 Rxb6 20. Qxa7 Rc6 21. Bb4 Qd5 22. 0-0 g4 23. h4 g3 24. fxg3 Qc4 25. Qd7 Rcc8 26. a4 Qe2 27. Rae1 Qg4 28. Qd6 Red8 29. Qf4 Ra8 30. Qxg4+ Bxg4 31. a5 Ra6 32. Rc1 Rc8 33. Rf2 f5 34. c4 Kf7 35. Rb2 Ke8 36. c5 Kd7 37. Bd2 Be2 38. Rcb1 Bd3 39. Rb7+ Rc7 40. R1b6 Rxb6 41. Rxb6 Ra7 42. Kf2 Ra6 43. Rb7+ Kc6 44. Rh7 Ra8 45. Rxh5 Rb8 46. Rh7 Rb2 47. Ke1 Rb1+ 48. Bc1 Rxc1+ 49. Kd2 Rc2+ 50. Kd1 Rxg2 51. Rg7 Re2 52. Rg6 Kd5 53. h5 Rxe3 54. h6 Rxg3 55. Rxg3 f4 56. Rg5+ Kc4 57. h7 f3 58. h8Q e3 59. Qe5 f2 60. Qxe6+ Kc3 61. Rf5 Bxf5 62. Qxe3+ Kc4 63. Qxf2 Bd3 64. Qd2 Kb3 65. Qxd3+ Kb2 66. c6 Ka1 67. c7 Ka2 68. c8Q Kb2 69. Qcc2+ Ka1 70. Qa3# 1-0

[Event "Titled Tuesday intern op 14th Nov Early"]
[Site "Chess.com INT"]
[Date "2023.11.14"]
[Round "6"]
[White "Nilsen, Tobias Lang"]
[Black "Finek, Vaclav"]
[Result "0-1"]
[WhiteElo "2207"]
[BlackElo "2411"]
[PlyCount "108"]
[EventDate "2023.11.14"]
[EventType "swiss (blitz)"]
[EventRounds "11"]
[EventCountry "USA"]
[SourceTitle "CB47_2023"]
[SourceDate "2023.11.22"]
[SourceVersion "1"]
[SourceVersionDate "2023.11.22"]
[SourceQuality "1"]

1. e4 c5 2. Nf3 g6 3. d4 cxd4 4. Nxd4 Nf6 5. Nc3 Nc6 6. Nxc6 bxc6 7. e5 Ng8 8. Bc4 Bg7 9. Qf3 e6 10. Bf4 Ne7 11. 0-0 Nd5 12. Ne4 0-0 13. Bxd5 cxd5 14. Nf6+ Bxf6 15. exf6 Qxf6 16. Qg3 Qg7 17. h4 f6 18. Bd6 Re8 19. f4 a5 20. Rf3 Ra6 21. Bc5 Rc6 22. Bd4 d6 23. c3 e5 24. Be3 Bf5 25. Rd1 Be4 26. Rf2 f5 27. Rfd2 a4 28. a3 Rc7 29. Qf2 Rb7 30. fxe5 dxe5 31. Bc5 Rf7 32. Qf1 Rb8 33. Bb4 Qf6 34. Qe1 h6 35. Qg3 Re8 36. Rf1 g5 37. hxg5 hxg5 38. c4 d4 39. Re2 f4 40. Qh3 Rh7 41. Qg4 Bf5 42. Qf3 e4 43. Qf2 e3 44. Qf3 d3 45. Qd5+ Qe6 46. Qxe6+ Bxe6 47. Ree1 d2 48. Bxd2 exd2 49. Rd1 Rd7 50. Rf2 Red8 51. c5 Bg4 52. Rdxd2 Rxd2 53. Rxd2 Rxd2 54. c6 Rxb2 0-1

[Event "Titled Tuesday intern op 14th Nov Early"]
[Site "Chess.com INT"]
[Date "2023.11.14"]
[Round "5"]
[White "Nilsen, Tobias Lang"]
[Black "Sokolovsky, Yahli"]
[Result "0-1"]
[WhiteElo "2207"]
[BlackElo "2442"]
[PlyCount "92"]
[EventDate "2023.11.14"]
[EventType "swiss (blitz)"]
[EventRounds "11"]
[EventCountry "USA"]
[SourceTitle "CB47_2023"]
[SourceDate "2023.11.22"]
[SourceVersion "1"]
[SourceVersionDate "2023.11.22"]
[SourceQuality "1"]

1. e4 d6 2. d4 g6 3. Nc3 Bg7 4. Be3 a6 5. h4 h6 6. h5 g5 7. a4 e6 8. Qd2 f5 9. f4 g4 10. Bd3 Nf6 11. Nge2 Nc6 12. Ng3 Ne7 13. 0-0-0 b5 14. exf5 exf5 15. axb5 axb5 16. Bxb5+ c6 17. Ba4 Nfd5 18. Nxd5 Rxa4 19. Nc3 Ra1+ 20. Nb1 Be6 21. Qc3 Qa8 22. Kd2 Nd5 23. Qd3 0-0 24. Nc3 Rxd1+ 25. Rxd1 Nb4 26. Qf1 c5 27. dxc5 dxc5 28. Bxc5 Rd8+ 29. Ke1 Rxd1+ 30. Nxd1 Nxc2+ 31. Kf2 Qd5 32. Be3 Bd7 33. Nc3 Qe6 34. Qd3 Nxe3 35. Qxe3 Qc4 36. Nge2 Bc6 37. Kg3 Qf7 38. Qd2 Qxh5 39. b4 Qf7 40. b5 Be8 41. b6 Qb7 42. Qd6 Bc6 43. Nd4 Bxd4 44. Qxd4 Bxg2 45. Nb5 Qf3+ 46. Kh4 Qh3# 0-1

[Event "Titled Tuesday intern op 24th Oct Late"]
[Site "Chess.com INT"]
[Date "2023.10.24"]
[Round "3"]
[White "Kuzmicz, Krystian"]
[Black "Nilsen, Tobias Lang"]
[Result "1/2-1/2"]
[WhiteElo "2466"]
[BlackElo "2219"]
[PlyCount "122"]
[EventDate "2023.10.24"]
[EventType "swiss (blitz)"]
[EventRounds "11"]
[EventCountry "USA"]
[SourceTitle "Mega2024 Update 01"]
[Source "Chessbase"]
[SourceDate "2023.11.12"]
[SourceVersion "1"]
[SourceVersionDate "2023.11.12"]
[SourceQuality "1"]

1. e4 e5 2. Nf3 Nc6 3. Nc3 Nf6 4. a3 d5 5. Bb5 d4 6. Ne2 Bd6 7. Ng3 h5 8. Nh4 Nxe4 9. Nxe4 Qxh4 10. d3 Qg4 11. 0-0 Qxd1 12. Rxd1 Bd7 13. f4 0-0-0 14. Nxd6+ cxd6 15. Rf1 f6 16. Bd2 Ne7 17. Bc4 Bc6 18. b4 Bd5 19. c3 Bxc4 20. dxc4 dxc3 21. Bxc3 Kc7 22. c5 exf4 23. Rxf4 Nd5 24. Rc4 Nxc3 25. cxd6+ Kb6 26. Rxc3 Rxd6 27. a4 a6 28. a5+ Ka7 29. Rc7 Rg8 30. Re1 Rd4 31. Rb1 g5 32. b5 axb5 33. Rxb5 Rb8 34. Rb6 Rd5 35. Rxf6 Rxa5 36. h3 h4 37. Rg6 Rd8 38. Rc1 Rd2 39. Rb1 Raa2 40. Rxg5 Rab2 41. Ra1+ Ra2 42. Rb1 Rab2 43. Ra1+ Ra2 44. Rf1 Ra4 45. Kh2 Ka6 46. Rg4 Rxg4 47. hxg4 b5 48. Kh3 b4 49. Kxh4 Rxg2 50. g5 b3 51. Kh5 Kb5 52. g6 Rxg6 53. Kxg6 Kc4 54. Kf5 b2 55. Ke4 Kc3 56. Rf3+ Kd2 57. Rf2+ Kc3 58. Rf1 Kc2 59. Rf2+ Kc3 60. Rf1 Kc2 61. Rf2+ Kc3 1/2-1/2

[Event "Titled Tuesday intern op 24th Oct Late"]
[Site "Chess.com INT"]
[Date "2023.10.24"]
[Round "7"]
[White "Nilsen, Tobias Lang"]
[Black "Delgado Kuffo, Andres"]
[Result "1-0"]
[WhiteElo "2219"]
[BlackElo "2320"]
[PlyCount "55"]
[EventDate "2023.10.24"]
[EventType "swiss (blitz)"]
[EventRounds "11"]
[EventCountry "USA"]
[SourceTitle "Mega2024 Update 01"]
[Source "Chessbase"]
[SourceDate "2023.11.12"]
[SourceVersion "1"]
[SourceVersionDate "2023.11.12"]
[SourceQuality "1"]

1. e4 e6 2. d4 d5 3. Nc3 Nf6 4. e5 Nfd7 5. f4 c5 6. Nf3 Nc6 7. Be3 cxd4 8. Nxd4 Qb6 9. Qd2 Qxb2 10. Rb1 Qa3 11. Bb5 Ndb8 12. f5 a6 13. Bxc6+ Nxc6 14. fxe6 fxe6 15. Nxc6 bxc6 16. 0-0 Bc5 17. Rb3 Bxe3+ 18. Qxe3 Qe7 19. Na4 Bd7 20. Nb6 Rd8 21. Qe2 Rf8 22. Rfb1 Qc5+ 23. Kh1 Rf2 24. Qh5+ g6 25. Qxh7 Qxc2 26. Nxd7 Rxd7 27. Rb8+ Rd8 28. Rxd8+ 1-0

[Event "Titled Tuesday intern op 19th Sep Early"]
[Site "Chess.com INT"]
[Date "2023.09.19"]
[Round "2"]
[White "Ilkhomi, Jaloliddin"]
[Black "Nilsen, Tobias Lang"]
[Result "1/2-1/2"]
[WhiteElo "2177"]
[BlackElo "2219"]
[PlyCount "97"]
[EventDate "2023.09.19"]
[EventType "swiss (blitz)"]
[EventRounds "11"]
[EventCountry "USA"]
[SourceTitle "EXT 2024"]
[Source "ChessBase"]
[SourceDate "2023.10.10"]
[SourceVersion "1"]
[SourceVersionDate "2023.10.10"]
[SourceQuality "1"]

1. Nf3 d5 2. d4 e6 3. Bf4 Nf6 4. e3 c5 5. c3 Bd6 6. Bg3 Nc6 7. Nbd2 0-0 8. Bd3 b6 9. Ne5 Bb7 10. f4 Ne7 11. Qb1 Qc8 12. Bh4 Nf5 13. Bf2 Be7 14. 0-0 Nd6 15. Bh4 Nf5 16. Bxf6 Bxf6 17. Qe1 Nd6 18. Qg3 Ne4 19. Nxe4 dxe4 20. Bc2 cxd4 21. exd4 Be7 22. Qe3 f6 23. Ng4 f5 24. Ne5 Bf6 25. Bb3 Bxe5 26. dxe5 Bd5 27. Rfd1 Bxb3 28. axb3 Rd8 29. Rd4 Qc5 30. Rad1 Rxd4 31. Rxd4 Rc8 32. Kf2 a5 33. g4 Qb5 34. gxf5 exf5 35. Qd2 Qxb3 36. Rd8+ Rxd8 37. Qxd8+ Kf7 38. Qd7+ Kf8 39. e6 Qc2+ 40. Kg1 Qc1+ 41. Kg2 Qc2+ 42. Kg1 Qc1+ 43. Kg2 Qxb2+ 44. Kg1 Qc1+ 45. Kg2 Qc2+ 46. Kg1 Qc1+ 47. Kg2 Qc2+ 48. Kh1 Qc1+ 49. Kg2 1/2-1/2

[Event "Titled Tuesday intern op 19th Sep Early"]
[Site "Chess.com INT"]
[Date "2023.09.19"]
[Round "6"]
[White "Nilsen, Tobias Lang"]
[Black "Buscar, Michael"]
[Result "1-0"]
[WhiteElo "2219"]
[BlackElo "2041"]
[PlyCount "73"]
[EventDate "2023.09.19"]
[EventType "swiss (blitz)"]
[EventRounds "11"]
[EventCountry "USA"]
[SourceTitle "EXT 2024"]
[Source "ChessBase"]
[SourceDate "2023.10.10"]
[SourceVersion "1"]
[SourceVersionDate "2023.10.10"]
[SourceQuality "1"]

1. f4 g6 2. Nf3 Bg7 3. g3 d5 4. Bg2 Nh6 5. 0-0 Nf5 6. d3 Nd7 7. e4 dxe4 8. dxe4 Nd6 9. e5 Nf5 10. Nc3 h5 11. Ne4 c6 12. Qe2 Qb6+ 13. Kh1 Nc5 14. Nxc5 Qxc5 15. c3 Be6 16. Bd2 Bd5 17. b4 Qb5 18. Qxb5 cxb5 19. a4 bxa4 20. Rxa4 Bc4 21. Re1 0-0 22. Nd4 Nxd4 23. cxd4 Rfb8 24. Rc1 Bb5 25. Ra5 a6 26. Rc7 Bf8 27. d5 Rc8 28. Rxb7 Rc2 29. Be3 Rac8 30. Ra1 Re2 31. Bc5 e6 32. d6 Rxg2 33. Rxb5 Rxh2+ 34. Kxh2 axb5 35. Ra7 Rb8 36. Rc7 Bh6 37. d7 1-0

[Event "Titled Tuesday intern op 19th Sep Early"]
[Site "Chess.com INT"]
[Date "2023.09.19"]
[Round "3"]
[White "Nilsen, Tobias Lang"]
[Black "Tan, Zhongyi"]
[Result "0-1"]
[WhiteElo "2219"]
[BlackElo "2517"]
[PlyCount "50"]
[EventDate "2023.09.19"]
[EventType "swiss (blitz)"]
[EventRounds "11"]
[EventCountry "USA"]
[SourceTitle "EXT 2024"]
[Source "ChessBase"]
[SourceDate "2023.10.10"]
[SourceVersion "1"]
[SourceVersionDate "2023.10.10"]
[SourceQuality "1"]

1. e4 e5 2. Nf3 Nc6 3. Bc4 Nf6 4. d3 Bc5 5. c3 0-0 6. 0-0 d5 7. exd5 Nxd5 8. Nbd2 Bg4 9. h3 Bh5 10. Ne4 Bb6 11. Ng3 Bg6 12. Re1 Re8 13. a4 a6 14. Bg5 Qd6 15. Ne4 Qd7 16. Bd2 h6 17. b4 Rad8 18. Qb3 Kh7 19. a5 Ba7 20. b5 axb5 21. Bxb5 f5 22. Ng3 Qd6 23. a6 e4 24. axb7 exf3 25. Rxe8 Qxg3 0-1

[Event "Titled Tuesday intern op 19th Sep Early"]
[Site "Chess.com INT"]
[Date "2023.09.19"]
[Round "8"]
[White "Nilsen, Tobias Lang"]
[Black "Zhigalko, Sergei"]
[Result "0-1"]
[WhiteElo "2219"]
[BlackElo "2572"]
[PlyCount "54"]
[EventDate "2023.09.19"]
[EventType "swiss (blitz)"]
[EventRounds "11"]
[EventCountry "USA"]
[SourceTitle "EXT 2024"]
[Source "ChessBase"]
[SourceDate "2023.10.10"]
[SourceVersion "1"]
[SourceVersionDate "2023.10.10"]
[SourceQuality "1"]

1. e4 c5 2. Nf3 Nc6 3. d4 cxd4 4. Nxd4 Nf6 5. Nc3 e5 6. Ndb5 d6 7. Nd5 Nxd5 8. exd5 Nb8 9. Qf3 Be7 10. Qc3 Na6 11. Be3 0-0 12. Nxa7 Bg5 13. Nb5 Bxe3 14. Qxe3 Nc5 15. Be2 f5 16. f4 Re8 17. 0-0 exf4 18. Qd2 g5 19. Bd3 Qb6 20. Kh1 Nxd3 21. Qxd3 Re3 22. Qc4 Bd7 23. Nc3 Qxb2 24. Nd1 Qxa1 25. Nxe3 Qxa2 26. Qxa2 Rxa2 27. Nc4 Bb5 0-1

[Event "Titled Tuesday intern op 19th Sep Early"]
[Site "Chess.com INT"]
[Date "2023.09.19"]
[Round "5"]
[White "Yunusov, Nuriddin"]
[Black "Nilsen, Tobias Lang"]
[Result "0-1"]
[WhiteElo "2012"]
[BlackElo "2219"]
[PlyCount "110"]
[EventDate "2023.09.19"]
[EventType "swiss (blitz)"]
[EventRounds "11"]
[EventCountry "USA"]
[SourceTitle "EXT 2024"]
[Source "ChessBase"]
[SourceDate "2023.10.10"]
[SourceVersion "1"]
[SourceVersionDate "2023.10.10"]
[SourceQuality "1"]

1. e4 e5 2. Nf3 Nc6 3. Nc3 Bb4 4. Nd5 Bc5 5. c3 Nf6 6. d4 exd4 7. cxd4 Be7 8. Nxf6+ Bxf6 9. e5 Be7 10. d5 Nb4 11. a3 Na6 12. Bb5 0-0 13. 0-0 d6 14. Bxa6 bxa6 15. h3 dxe5 16. Nxe5 Bd6 17. Nc6 Qf6 18. Qf3 Qxf3 19. gxf3 Bxh3 20. Re1 Bd7 21. Be3 Rfe8 22. b4 h6 23. Rac1 Bxc6 24. dxc6 a5 25. b5 a4 26. Rc4 Bxa3 27. Rxa4 Bd6 28. Rea1 Rab8 29. Ra5 Re5 30. Bxa7 Rbxb5 31. Ra6 Rh5 32. Rd1 Rbg5+ 33. Kf1 Rh1+ 34. Ke2 Re5+ 35. Be3 Rxd1 36. Kxd1 h5 37. Ra8+ Kh7 38. Rd8 Rd5+ 39. Ke2 h4 40. Kf1 g5 41. Kg2 Kg6 42. Rg8+ Kh6 43. Kh3 Rf5 44. Kg4 Kh7 45. Rxg5 Rxg5+ 46. Bxg5 Kg6 47. Bxh4 f5+ 48. Kh3 Kf7 49. Bg3 Ke6 50. Kg2 Kd5 51. Kf1 Kxc6 52. Ke2 Kd5 53. Kd3 c5 54. Kc3 Be5+ 55. Kc2 c4 0-1

[Event "Titled Tuesday intern op 12th Sep Late"]
[Site "Chess.com INT"]
[Date "2023.09.12"]
[Round "1"]
[White "Ghosh, Chanchal Kumer"]
[Black "Nilsen, Tobias Lang"]
[Result "0-1"]
[WhiteElo "2026"]
[BlackElo "2219"]
[PlyCount "178"]
[EventDate "2023.09.12"]
[EventType "swiss (blitz)"]
[EventRounds "11"]
[EventCountry "USA"]
[SourceTitle "EXT 2024"]
[Source "ChessBase"]
[SourceDate "2023.10.10"]
[SourceVersion "1"]
[SourceVersionDate "2023.10.10"]
[SourceQuality "1"]

1. e4 e6 2. Nf3 d5 3. Nc3 d4 4. Ne2 c5 5. c3 Nf6 6. e5 Nfd7 7. cxd4 cxd4 8. Nexd4 Nxe5 9. Nxe5 Qxd4 10. Bb5+ Nd7 11. Qe2 Bc5 12. 0-0 0-0 13. Nxd7 Bxd7 14. Bxd7 Qxd7 15. d3 Rfd8 16. Rd1 Rac8 17. Be3 Bd4 18. Bxd4 Qxd4 19. g3 h6 20. a3 Rc6 21. Rd2 Rdc8 22. Rad1 Rc1 23. Kg2 Qd5+ 24. Qf3 Qxf3+ 25. Kxf3 Rxd1 26. Rxd1 Rc2 27. Rb1 Kf8 28. Ke3 Ke7 29. h4 Kd6 30. d4 Kd5 31. f3 a6 32. h5 Rg2 33. g4 Rc2 34. Kd3 Rc4 35. Ke3 Rxd4 36. Rc1 Rc4 37. Rd1+ Kc6 38. Rd8 Rc2 39. Rf8 Rxb2 40. Rxf7 Rb3+ 41. Kf4 Rxa3 42. Rxg7 b5 43. Rg6 Kd5 44. Rxh6 b4 45. Rh8 b3 46. Rb8 a5 47. h6 Ra4+ 48. Kg3 Rb4 49. Rd8+ Kc4 50. h7 b2 51. h8Q b1Q 52. Rc8+ Kb3 53. Qc3+ Ka4 54. Qc6+ Ka3 55. Qc3+ Qb3 56. g5 Qxc3 57. Rxc3+ Kb2 58. Re3 Rb6 59. g6 e5 60. Rxe5 Rxg6+ 61. Kf4 a4 62. Kf5 Ra6 63. Re2+ Kb3 64. f4 a3 65. Kg5 Ra5+ 66. f5 a2 67. Rxa2 Rxa2 68. f6 Rf2 69. Kg6 Kc4 70. f7 Kd5 71. Kg7 Rg2+ 72. Kh7 Rh2+ 73. Kg7 Rg2+ 74. Kh7 Rf2 75. Kg7 Ke6 76. f8Q Rg2+ 77. Kh7 Rh2+ 78. Kg6 Rg2+ 79. Kh5 Rh2+ 80. Kg4 Rg2+ 81. Kf3 Rg6 82. Qc8+ Kf7 83. Kf4 Rf6+ 84. Ke5 Kg7 85. Qc4 Rg6 86. Qd4 Kh6 87. Kf5 Rg5+ 88. Kf6 Rg6+ 89. Kf7 Kh5 0-1

[Event "Titled Tuesday intern op 12th Sep Late"]
[Site "Chess.com INT"]
[Date "2023.09.12"]
[Round "2"]
[White "Gokerkan, Cem Kaan"]
[Black "Nilsen, Tobias Lang"]
[Result "1-0"]
[WhiteElo "2513"]
[BlackElo "2219"]
[PlyCount "107"]
[EventDate "2023.09.12"]
[EventType "swiss (blitz)"]
[EventRounds "11"]
[EventCountry "USA"]
[SourceTitle "EXT 2024"]
[Source "ChessBase"]
[SourceDate "2023.10.10"]
[SourceVersion "1"]
[SourceVersionDate "2023.10.10"]
[SourceQuality "1"]

1. e4 e6 2. d3 d5 3. Nd2 c5 4. g3 Nc6 5. Bg2 Nf6 6. Ngf3 Be7 7. 0-0 0-0 8. e5 Nd7 9. Re1 b5 10. h4 Bb7 11. h5 h6 12. Nf1 Qb6 13. Bf4 Rfc8 14. Qd2 Qd8 15. Ne3 Nd4 16. Nxd4 cxd4 17. Ng4 Bf8 18. Rac1 a5 19. Nh2 b4 20. Nf3 Qb6 21. g4 a4 22. g5 hxg5 23. Bxg5 b3 24. cxb3 axb3 25. a3 Ba6 26. h6 gxh6 27. Bxh6 Qd8 28. Nxd4 Bxh6 29. Qxh6 Bxd3 30. Nc6 Qf8 31. Qg5+ Bg6 32. Ne7+ Kg7 33. Nxc8 Rxc8 34. Qe3 Rc2 35. Qxb3 Rxc1 36. Rxc1 Nxe5 37. Qc3 f6 38. Qg3 Qd6 39. a4 Qb6 40. b3 Nd3 41. Rc7+ Kh6 42. Qh4+ Bh5 43. Qxf6+ Bg6 44. Qh4+ Bh5 45. Rc3 Qb4 46. Qf6+ Bg6 47. Rxd3 Qe1+ 48. Bf1 Kh5 49. Rh3+ Kg4 50. Qxg6+ Kf4 51. Qg3+ Kf5 52. Qf3+ Kg6 53. Rg3+ Kh6 54. Qh1# 1-0